<?xml version="1.0" encoding="UTF-8"?>
<record
    xmlns:xsi="http://www.w3.org/2001/XMLSchema-instance"
    xsi:schemaLocation="http://www.loc.gov/MARC21/slim http://www.loc.gov/standards/marcxml/schema/MARC21slim.xsd"
    xmlns="http://www.loc.gov/MARC21/slim">

  <leader>00536nam a22001937a 4500</leader>
  <controlfield tag="005">20260224122836.0</controlfield>
  <controlfield tag="008">260224b        |||||||| |||| 00| 0 eng d</controlfield>
  <datafield tag="020" ind1=" " ind2=" ">
    <subfield code="a">978-0-1996-7265-3</subfield>
  </datafield>
  <datafield tag="050" ind1=" " ind2=" ">
    <subfield code="a">KJE 947 .094 2015</subfield>
    <subfield code="b">`1</subfield>
  </datafield>
  <datafield tag="100" ind1=" " ind2=" ">
    <subfield code="a">ARNULL,ANTHONY</subfield>
  </datafield>
  <datafield tag="245" ind1=" " ind2=" ">
    <subfield code="a">THE OXFORD HANDBOOK OF EUROPEAN UNION LAW</subfield>
  </datafield>
  <datafield tag="250" ind1=" " ind2=" ">
    <subfield code="a">1ST</subfield>
  </datafield>
  <datafield tag="260" ind1=" " ind2=" ">
    <subfield code="a">NEW YORK</subfield>
    <subfield code="b">OXFORD UNIVERSITY P[RESS</subfield>
    <subfield code="c">2015</subfield>
  </datafield>
  <datafield tag="300" ind1=" " ind2=" ">
    <subfield code="a">INCLUDES INDEX </subfield>
  </datafield>
  <datafield tag="500" ind1=" " ind2=" ">
    <subfield code="a">XV,1051P</subfield>
  </datafield>
  <datafield tag="650" ind1=" " ind2=" ">
    <subfield code="a">LAW -EUROPEAN UNION COUNTRIES</subfield>
  </datafield>
  <datafield tag="700" ind1=" " ind2=" ">
    <subfield code="a">CHALMERS,DAMIAN</subfield>
  </datafield>
  <datafield tag="942" ind1=" " ind2=" ">
    <subfield code="2">lcc</subfield>
    <subfield code="c">BK</subfield>
  </datafield>
  <datafield tag="999" ind1=" " ind2=" ">
    <subfield code="c">216609</subfield>
    <subfield code="d">216609</subfield>
  </datafield>
  <datafield tag="952" ind1=" " ind2=" ">
    <subfield code="0">0</subfield>
    <subfield code="1">0</subfield>
    <subfield code="2">lcc</subfield>
    <subfield code="4">0</subfield>
    <subfield code="6">KJE0947094 02015</subfield>
    <subfield code="7">0</subfield>
    <subfield code="8">LAW</subfield>
    <subfield code="9">375289</subfield>
    <subfield code="a">KSUL</subfield>
    <subfield code="b">KSUL</subfield>
    <subfield code="c">DISPLAY</subfield>
    <subfield code="d">2026-02-24</subfield>
    <subfield code="i">112072</subfield>
    <subfield code="l">0</subfield>
    <subfield code="o">KJE 947 .094 2015</subfield>
    <subfield code="p">A000754</subfield>
    <subfield code="r">2026-02-24 12:30:00</subfield>
    <subfield code="t">1</subfield>
    <subfield code="w">2026-02-24</subfield>
    <subfield code="y">BK</subfield>
  </datafield>
  <datafield tag="952" ind1=" " ind2=" ">
    <subfield code="0">0</subfield>
    <subfield code="1">0</subfield>
    <subfield code="2">lcc</subfield>
    <subfield code="4">0</subfield>
    <subfield code="6">KJE0947094 02015</subfield>
    <subfield code="7">0</subfield>
    <subfield code="8">LAW</subfield>
    <subfield code="9">375290</subfield>
    <subfield code="a">KSUL</subfield>
    <subfield code="b">KSUL</subfield>
    <subfield code="c">DISPLAY</subfield>
    <subfield code="d">2026-02-24</subfield>
    <subfield code="i">112073</subfield>
    <subfield code="l">0</subfield>
    <subfield code="o">KJE 947 .094 2015</subfield>
    <subfield code="p">A000755</subfield>
    <subfield code="r">2026-02-24 12:30:00</subfield>
    <subfield code="t">2</subfield>
    <subfield code="w">2026-02-24</subfield>
    <subfield code="y">BK</subfield>
  </datafield>
  <datafield tag="952" ind1=" " ind2=" ">
    <subfield code="0">0</subfield>
    <subfield code="1">0</subfield>
    <subfield code="2">lcc</subfield>
    <subfield code="4">0</subfield>
    <subfield code="6">KJE0947094 02015</subfield>
    <subfield code="7">0</subfield>
    <subfield code="8">LAW</subfield>
    <subfield code="9">375291</subfield>
    <subfield code="a">KSUL</subfield>
    <subfield code="b">KSUL</subfield>
    <subfield code="c">DISPLAY</subfield>
    <subfield code="d">2026-02-24</subfield>
    <subfield code="i">112074</subfield>
    <subfield code="l">0</subfield>
    <subfield code="o">KJE 947 .094 2015</subfield>
    <subfield code="p">A000753</subfield>
    <subfield code="r">2026-02-24 12:30:00</subfield>
    <subfield code="t">3</subfield>
    <subfield code="w">2026-02-24</subfield>
    <subfield code="y">BK</subfield>
  </datafield>
</record>
